| 000 | 00471cam a2200193ua 4500 | ||
|---|---|---|---|
| 001 | 5412 | ||
| 005 | 20260515113859.0 | ||
| 008 | 120901n xxk |||gr||||Z||||||eng | ||
| 020 | _a0-14-028592-X | ||
| 040 | _cMAIN | ||
| 082 | _a822 | ||
| 100 | 1 |
_aKermode, Franke, _eAuthor, |
|
| 245 | 1 | 1 |
_aShakespeares language _cby Franke kermode |
| 250 | _a1st. | ||
| 260 |
_alondon: _bPenguin books ltd., _c2001. |
||
| 300 |
_a324p: _c15cm. |
||
| 653 | _aEnglish drama | ||
| 942 | _cBK | ||
| 999 |
_c4589 _d4589 |
||